[Event "Washington State Invitational"]
[Site "Seattle"]
[Date "2010.02.14"]
[Round "8"]
[White "Tang, Richard OH"]
[Black "Fryberg, Skylor"]
[Result "0-1"]
[WhiteElo "1114"]
[BlackElo "1906"]
[PlyCount "80"]
[EventDate "2010.02.06"]
[EventType "tourn"]
[EventRounds "9"]
[EventCountry "USA"]
[SourceTitle "EXT 2017"]
[Source "ChessBase"]
[SourceDate "2016.10.25"]
[SourceVersion "1"]
[SourceVersionDate "2016.10.25"]
[SourceQuality "1"]

1. e4 c6 2. d4 d5 3. Nc3 dxe4 4. Nxe4 Bf5 5. Ng3 Bg6 6. Nf3 Nd7 7. Bf4 e6 8. a3 Be7 9. Be2 Ngf6 10. c4 Nh5 11. Nxh5 Bxh5 12. 0-0 0-0 13. b4 Nf6 14. Be3 Qc7 15. c5 Rad8 16. Qc2 Bg6 17. Qc4 Nd5 18. Rfe1 Bf6 19. Rad1 Rd7 20. Bd3 Bxd3 21. Rxd3 Rfd8 22. Red1 h5 23. h3 Nf4 24. Bxf4 Qxf4 25. Qc3 Rd5 26. Qd2 Qc7 27. Qe3 R8d7 28. R1d2 Qd8 29. Kf1 e5 30. Re2 Re7 31. Qe4 exd4 32. Qf4 Rxe2 33. Kxe2 b6 34. cxb6 axb6 35. a4 c5 36. bxc5 bxc5 37. g4 c4 38. Rd1 d3+ 39. Kf1 c3 40. Qc1 c2 0-1

[Event "Washington State Invitational"]
[Site "Seattle"]
[Date "2010.02.07"]
[Round "3"]
[White "Narayanan, Siva Bala"]
[Black "Fryberg, Skylor"]
[Result "0-1"]
[WhiteElo "1787"]
[BlackElo "1906"]
[PlyCount "128"]
[EventDate "2010.02.06"]
[EventType "tourn"]
[EventRounds "9"]
[EventCountry "USA"]
[SourceTitle "EXT 2017"]
[Source "ChessBase"]
[SourceDate "2016.10.25"]
[SourceVersion "1"]
[SourceVersionDate "2016.10.25"]
[SourceQuality "1"]

1. e4 d6 2. Nc3 e5 3. f4 Nf6 4. Nf3 Nbd7 5. Bc4 Be7 6. Bxf7+ Kxf7 7. Ng5+ Kg8 8. Ne6 Qe8 9. Nxc7 Qg6 10. Qe2 Rb8 11. 0-0 h6 12. f5 Qf7 13. Rf3 Nb6 14. b3 Bd7 15. d4 Rc8 16. dxe5 Rxc7 17. exf6 Bxf6 18. Bd2 Bd4+ 19. Kh1 Qf6 20. Qd3 Kh7 21. e5 Bxe5 22. Ne4 Qf7 23. f6 g6 24. Bxh6 Kg8 25. Ng5 Rxh6 26. Nxf7 Kxf7 27. Re1 Rc3 28. Rxe5 Rxd3 29. Re7+ Kf8 30. Rxd3 d5 31. Rf3 g5 32. Re1 g4 33. Rf4 Kf7 34. Re7+ Kf8 35. Re1 Kf7 36. Kg1 Rxf6 37. Rxf6+ Kxf6 38. Kf2 Nc8 39. Rd1 Ke5 40. Ke3 Nd6 41. Re1 Bf5 42. c3 Be4 43. Kf2 Nf5 44. Re2 b5 45. a4 a6 46. axb5 axb5 47. Ra2 d4 48. cxd4+ Kxd4 49. Ke1 Kc3 50. Re2 Bd3 51. Rd2 b4 52. Kd1 Nd4 53. Rf2 Kxb3 54. Rf4 Kc3 55. Rf8 b3 56. Rc8+ Bc4 57. Kc1 Nb5 58. Rxc4+ Kxc4 59. Kb2 Nc3 60. h4 Na4+ 61. Kb1 Kc3 62. h5 b2 63. h6 Kb3 64. h7 Nc3# 0-1

[Event "Washington State Invitational"]
[Site "Seattle"]
[Date "2010.02.06"]
[Round "2"]
[White "Fryberg, Skylor"]
[Black "Feng, Roland"]
[Result "1/2-1/2"]
[WhiteElo "1906"]
[BlackElo "1882"]
[PlyCount "123"]
[EventDate "2010.02.06"]
[EventType "tourn"]
[EventRounds "9"]
[EventCountry "USA"]
[SourceTitle "EXT 2017"]
[Source "ChessBase"]
[SourceDate "2016.10.25"]
[SourceVersion "1"]
[SourceVersionDate "2016.10.25"]
[SourceQuality "1"]

1. e4 c5 2. d3 e6 3. Nf3 Nc6 4. Nbd2 Qc7 5. g3 a6 6. Bg2 Nf6 7. 0-0 Be7 8. Re1 d6 9. Nf1 0-0 10. h4 e5 11. Ne3 b5 12. Nh2 Nd4 13. c3 Ne6 14. Nd5 Nxd5 15. exd5 Nd8 16. d4 Nb7 17. a4 b4 18. dxe5 dxe5 19. c4 f6 20. b3 Bd6 21. Rf1 Bf5 22. f4 exf4 23. Bxf4 Bxf4 24. Rxf4 Nd6 25. Qf3 Bd7 26. g4 Rae8 27. h5 Re7 28. h6 Rfe8 29. Nf1 Nf7 30. hxg7 Qe5 31. Rd1 Kxg7 32. d6 Re6 33. Rd5 Qe1 34. g5 Re3 35. gxf6+ Kf8 36. Qd1 Qxd1 37. Rxd1 Rxb3 38. Bb7 Ng5 39. Bg2 Re2 40. Rd5 h6 41. Rf2 Rxf2 42. Kxf2 Rb2+ 43. Nd2 Ne6 44. Ke3 Kf7 45. Bh3 Kxf6 46. Ne4+ Kf7 47. Bxe6+ Bxe6 48. d7 Bxd7 49. Rxd7+ Kg6 50. Rd6+ Kf5 51. Nxc5 h5 52. Rxa6 h4 53. Rh6 Kg4 54. a5 h3 55. a6 Ra2 56. Kd4 Kg3 57. Nd3 b3 58. Rg6+ Kf3 59. Kc3 h2 60. Rh6 Kg2 61. Kxb3 Rxa6 62. Rxh2+ 1/2-1/2

[Event "Washington Class-ch A"]
[Site "Redmond"]
[Date "2009.11.29"]
[Round "5"]
[White "Golub, David"]
[Black "Fryberg, Skylor"]
[Result "1-0"]
[WhiteElo "1751"]
[BlackElo "1884"]
[PlyCount "99"]
[EventDate "2009.11.27"]
[EventType "swiss"]
[EventRounds "6"]
[EventCountry "USA"]
[SourceTitle "EXT 2017"]
[Source "ChessBase"]
[SourceDate "2016.10.25"]
[SourceVersion "1"]
[SourceVersionDate "2016.10.25"]
[SourceQuality "1"]

1. e4 d6 2. d3 c5 3. g3 Nc6 4. Bg2 g6 5. f4 Bg7 6. Nf3 e6 7. c3 Nge7 8. 0-0 0-0 9. a4 Bd7 10. Na3 d5 11. e5 a6 12. Be3 b6 13. Nc2 f6 14. exf6 Bxf6 15. Rb1 e5 16. fxe5 Nxe5 17. Nxe5 Bxe5 18. Rxf8+ Qxf8 19. d4 cxd4 20. Bxd4 Qf6 21. Ra1 Rd8 22. a5 b5 23. Nb4 Bxd4+ 24. Qxd4 Qxd4+ 25. cxd4 Bc8 26. Rc1 Rd7 27. Rc5 Bb7 28. Bh3 Nf5 29. Bxf5 gxf5 30. Kf2 Kf7 31. Nd3 Kf6 32. Kf3 Re7 33. Ne5 h6 34. Kf4 Rg7 35. b4 Re7 36. Rc1 Rg7 37. Rc3 Re7 38. h3 h5 39. Rc1 Rg7 40. Nd3 Re7 41. Nc5 Bc8 42. Rc3 Re1 43. h4 Rf1+ 44. Ke3 Re1+ 45. Kf2 Re7 46. Re3 Rc7 47. Re5 Bb7 48. Kf3 Rc6 49. Nxb7 Rc3+ 50. Kf4 1-0